Capitalism without Capital <The> Rise of the Intangible Economy

Gespeichert in:
Bibliographische Detailangaben
1. Verfasser: Haskel, Jonathan
Weitere Verfasser: Westlake, Stian
Format: Buch
Sprache:Englisch
Veröffentlicht: Princeton Princeton University Press 2018
Schlagworte:
Tags: Tag hinzufügen
Keine Tags, Fügen Sie das erste Tag hinzu!

MARC

LEADER 00000nam a2200000 4500
001 0247411
005 20230109072531.1
020 |a 978-0-691-17503-4 
041 0 |a eng 
044 |a US 
245 1 0 |a Capitalism without Capital  |b <The> Rise of the Intangible Economy  |c Jonathan Haskel and Stian Westlake 
264 1 |a Princeton  |b Princeton University Press  |c 2018 
300 |a 278 s. 
610 2 0 |a kapitalizmus 
610 2 0 |a kapitál 
610 2 0 |a investície 
610 2 0 |a aktíva nehmotné 
610 2 0 |a infraštruktúra 
610 2 0 |a stagnácia 
610 2 0 |a financovanie 
610 2 0 |a riadenie 
610 2 0 |a politika hospodárska 
610 2 0 |a stratégia hospodárska 
610 2 0 |a politika verejná 
610 2 0 |a prognózy 
100 1 |a Haskel, Jonathan 
700 1 |a Westlake, Stian